000 00658nam a22002057i 4500
999 _c22794
_d22794
003 AR-CdUCM
008 240314b20152015pe ||||| |||| 00| 0 spa d
020 _a978-612-46752-5-6
040 _aMUNICIPALIDAD PROVINCIAL DEL CUSCO
_cBIBLIOTECA MUNICIPAL DEL CUSCO
041 _hspa
082 _2Tercera edición 2015
_a869.56 / N51H
_bN51H
100 _aNeyra, Ezio
_949479
245 _aHabrá que hacer algo mientras tanto /
260 _aLima :
_bLa Travesía Editora,
_c2015
300 _a54 páginas. :
_c21 cm.
505 _aHacer algo mientras tanto
650 _aHacer algo mientras tanto
_949480
942 _2ddc
_cLIBROS
945 _apbj
_d14-03-2024